| 000 | 00415nam a22001577a 4500 | ||
|---|---|---|---|
| 005 | 20231110093105.0 | ||
| 008 | 231110b |||||||| |||| 00| 0 eng d | ||
| 041 | _aEnglish | ||
| 082 | _a346.1 FAM | ||
| 100 | _lEnglish | ||
| 245 | _aFamily Law Service : Instruction Sheet | ||
| 260 | _c2021 | ||
| 300 |
_b1310 pages ; _c26 cm. |
||
| 650 |
_aLegal practice _bLaw |
||
| 942 |
_cBK _6ALISON_BN_VRIES |
||
| 999 |
_c520 _d520 |
||